00478nam a2200169 a 450000100100000000300100001000500170002000800410003704000220007808200200010010000400012024500420016026000380020230000200024065000220026065000260028200003453300003453320170928101243.0111006s2009 dr 000 0 spa d aBPMSUbspacBPMSU04aRD863.44bG216a1 aGarcía Godoy, Federicod1857-192410aAlma dominicana /cF. García Godoy. aSanto Domingo :bSantuario,c2009 a129 p. ;c23cm. aNOVELA DOMINICANA aLITERATURA DOMINICANA